=LDR 00000nam 2200000 4500 =001 INLIS000000000002589 =005 20130612090920 =008 ***********************************Ind** =035 ##$$0010-061300000002589 =041 ##$$a Ind =082 ##$$a 616.9 =090 ##$$a 616.9, Gri p =100 ##$$a Grimble, A.S =245 ##$$a Pedoman diagnosa dan pengobatan penyakit kelamin, A.S.Grimble; Alih bahasa, Budiono Santoso =260 ##$$a 1981 $b Yogyakarta =300 ##$$a viii,224 hlm, ilus, 21 cm =650 ##$$a Penyakit Kelamin =700 ##$$a Santoso, Budiono =850 ##$$a NBPNMAT